[Event "OMA-ch 11th"]
[Site "Muscat"]
[Date "2024.01.31"]
[Round "9"]
[White "Al Mashikhi, Mohammed Alyan"]
[Black "Al Maashani, Abdullah"]
[Result "0-1"]
[WhiteElo "1967"]
[BlackElo "1828"]
[PlyCount "136"]
[EventDate "2024.01.24"]
[EventType "swiss"]
[EventRounds "9"]
[EventCountry "OMN"]
[SourceTitle "CB06_2024"]
[SourceDate "2024.02.07"]
[SourceVersion "1"]
[SourceVersionDate "2024.02.07"]
[SourceQuality "1"]

1. e4 c5 2. Nf3 Nc6 3. d4 cxd4 4. Nxd4 Nf6 5. Nc3 g6 6. Be3 h5 7. f3 d6 8. Qd2 Nxd4 9. Bxd4 Bh6 10. Be3 Bxe3 11. Qxe3 Be6 12. Bb5+ Kf8 13. Ba4 Qa5 14. 0-0 Rc8 15. Bb3 Kg7 16. Rfd1 Qc5 17. Qxc5 Rxc5 18. Rd4 Rhc8 19. Kf2 a6 20. Rb4 R8c7 21. Rc1 Nd7 22. Bxe6 fxe6 23. Ne2 Ne5 24. Ke3 Kf6 25. c3 a5 26. Rb3 Nc4+ 27. Kf2 e5 28. Rd1 e6 29. f4 Rf7 30. g3 g5 31. fxg5+ Kxg5+ 32. Ke1 Ne3 33. Rd3 Rf1+ 34. Kd2 Nc4+ 35. Kc2 Rf2 36. h4+ Kg4 37. Kd1 Rc7 38. Rb5 Rcf7 39. a3 b6 40. a4 R7f6 41. Nf4 Nxb2+ 42. Kc1 Nxd3+ 43. Nxd3 Rg2 44. Ne1 Rf1 45. Kd1 Rgg1 46. Rxb6 Rxe1+ 47. Kc2 Rg2+ 48. Kd3 Rxg3+ 49. Kd2 Ra1 50. Kc2 Ra3 51. Rc6 Rxa4 52. Rxd6 Rc4 53. Rxe6 Rcxc3+ 54. Kb2 Rb3+ 55. Kc2 Rgc3+ 56. Kd2 Kf4 57. Rh6 Rh3 58. Rxh5 Rh2+ 59. Kc1 Rg3 60. Rf5+ Kxe4 61. Rf1 Kd4 62. h5 Rgg2 63. h6 Rxh6 64. Kb1 Rhh2 65. Rd1+ Kc3 66. Re1 Rb2+ 67. Ka1 Ra2+ 68. Kb1 Rhb2+ 0-1

[Event "OMA-chT 6th"]
[Site "Muscat"]
[Date "2023.08.05"]
[Round "3.2"]
[White "Al Mashikhi, Mohammed Alyan"]
[Black "Shreyas, Seshadri Nallore"]
[Result "1/2-1/2"]
[WhiteElo "1952"]
[BlackElo "2138"]
[PlyCount "270"]
[EventDate "2023.08.03"]
[EventType "team-swiss"]
[EventRounds "9"]
[EventCountry "OMN"]
[SourceTitle "EXT 2024"]
[Source "ChessBase"]
[SourceDate "2023.10.10"]
[SourceVersion "1"]
[SourceVersionDate "2023.10.10"]
[SourceQuality "1"]
[WhiteTeam "Salalah II"]
[BlackTeam "Ibri"]
[WhiteTeamCountry "OMN"]
[BlackTeamCountry "OMN"]

1. e4 e5 2. Nf3 Nc6 3. Bb5 Nf6 4. 0-0 Nxe4 5. Re1 Nd6 6. Bxc6 dxc6 7. Nxe5 Be7 8. d4 0-0 9. Nd2 Be6 10. Nf1 Nf5 11. c3 c5 12. Ne3 cxd4 13. Nxf5 Bxf5 14. cxd4 Bb4 15. Bd2 Qxd4 16. Bxb4 Qxb4 17. Qf3 Be6 18. Nd3 Qb6 19. Re3 Rad8 20. h4 Bc4 21. b3 Bxd3 22. Rxd3 Rxd3 23. Qxd3 Qf6 24. Rc1 Rd8 25. Qg3 c6 26. Qc7 b6 27. Qxa7 c5 28. Re1 g6 29. a4 Rd2 30. Qb8+ Kg7 31. Qg3 h5 32. Qe3 Rc2 33. Rc1 Rxc1+ 34. Qxc1 Qxh4 35. a5 bxa5 36. Qxc5 Qb4 37. Qe5+ Kh7 38. Qe3 f6 39. Qa7+ Kh6 40. Qe3+ g5 41. Qe6 Qd4 42. Qf7 Qa1+ 43. Kh2 Qe5+ 44. g3 h4 45. Qf8+ Kg6 46. Qg8+ Kh5 47. Kh3 Qf5+ 48. Kg2 Qe4+ 49. Kh2 hxg3+ 50. Kxg3 Qf4+ 51. Kg2 Qg4+ 52. Kh2 Qh4+ 53. Kg2 Qe4+ 54. Kg3 Qe5+ 55. Kh3 Qc3+ 56. Kg2 Kg4 57. Qe6+ f5 58. Qe2+ Kf4 59. Qd1 Ke5 60. Qe2+ Kd4 61. Qb5 Qc5 62. Qa4+ Kd3 63. Qa1 Qd5+ 64. Kg1 Ke4 65. Qe1+ Kf4 66. Qe3+ Kg4 67. Qg3+ Kh5 68. Qh3+ Kg6 69. Qc3 g4 70. Qc7 Kf6 71. Qb6+ Kg5 72. Qe3+ f4 73. Qe7+ Kf5 74. Qh7+ Ke5 75. Qh5+ Ke4 76. Qxg4 Qxb3 77. Qe2+ Kf5 78. Qh5+ Ke4 79. Qe2+ Kd5 80. Qd2+ Ke4 81. Qe2+ Kd4 82. Qd2+ Qd3 83. Qxf4+ Kc5 84. Qc7+ Kb4 85. Qb6+ Qb5 86. Qd4+ Qc4 87. Qb6+ Ka4 88. Qb2 Qd3 89. Qa2+ Kb4 90. Qb2+ Qb3 91. Qd4+ Qc4 92. Qb2+ Ka4 93. Qa1+ Kb5 94. Qe5+ Qc5 95. Qb2+ Ka6 96. Qe2+ Kb6 97. Qb2+ Kc6 98. Qf6+ Qd6 99. Qc3+ Kb5 100. Qb3+ Ka6 101. Qc4+ Kb6 102. Qb3+ Qb4 103. Qe6+ Kc5 104. Qe3+ Kc4 105. Qe4+ Kb3 106. Qb1+ Kc3 107. Qc1+ Kd3 108. Qd1+ Qd2 109. Qb1+ Kc4 110. Qe4+ Qd4 111. Qc2+ Kb4 112. Qb1+ Ka3 113. Qc1+ Qb2 114. Qc5+ Qb4 115. Qe3+ Ka2 116. Qe2+ Kb1 117. Qd1+ Kb2 118. Qe2+ Kb3 119. Qd1+ Kb2 120. Qe2+ Ka3 121. Qe3+ Kb2 122. Qe2+ Kc1 123. Qe3+ Kd1 124. Qd3+ Kc1 125. Qe3+ Kc2 126. Qe2+ Qd2 127. Qc4+ Kb2 128. Qb5+ Ka2 129. Qc4+ Ka1 130. Qa4+ Kb1 131. Qb5+ Qb4 132. Qf1+ Ka2 133. Qe2+ Kb1 134. Qd1+ Kb2 135. Qe2+ Ka3 1/2-1/2

[Event "OMA-chT"]
[Site "Muscat"]
[Date "2020.01.30"]
[Round "7.6"]
[White "Al Zadjali, Abdul Rahman"]
[Black "Al Mashikhi, Mohammed Alyan"]
[Result "0-1"]
[WhiteElo "1545"]
[BlackElo "1979"]
[PlyCount "52"]
[EventDate "2020.01.25"]
[EventType "team-swiss"]
[EventRounds "9"]
[EventCountry "OMN"]
[SourceTitle "CBM 194 Extra"]
[Source "ChessBase"]
[SourceDate "2020.03.31"]
[SourceVersion "1"]
[SourceVersionDate "2020.03.31"]
[SourceQuality "1"]

1. d4 Nf6 2. c4 e6 3. Nf3 b6 4. g3 Bb7 5. Bg2 d5 6. Nc3 Nbd7 7. cxd5 exd5 8. 0-0 Bb4 9. Qc2 Bxc3 10. bxc3 0-0 11. c4 Re8 12. Bg5 h6 13. Bxf6 Nxf6 14. Ne5 c5 15. e3 Rc8 16. Rfd1 cxd4 17. exd4 Qc7 18. Qa4 dxc4 19. Bxb7 Qxb7 20. Nxc4 Red8 21. Ne5 Nd5 22. Rd3 Nc3 23. Qc2 Qe4 24. Qb3 Ne2+ 25. Kf1 Nxd4 26. Rxd4 Rxd4 0-1

[Event "OMA-chT"]
[Site "Muscat"]
[Date "2020.01.26"]
[Round "2.1"]
[White "Al Mashikhi, Mohammed Alyan"]
[Black "Qatan, Said Mahad"]
[Result "0-1"]
[WhiteElo "1979"]
[BlackElo "1629"]
[PlyCount "100"]
[EventDate "2020.01.25"]
[EventType "team-swiss"]
[EventRounds "9"]
[EventCountry "OMN"]
[SourceTitle "CBM 194 Extra"]
[Source "ChessBase"]
[SourceDate "2020.03.31"]
[SourceVersion "1"]
[SourceVersionDate "2020.03.31"]
[SourceQuality "1"]

1. e4 e5 2. Nf3 Nc6 3. Bc4 Nf6 4. 0-0 Bc5 5. d3 h6 6. c3 d6 7. h3 a6 8. a4 Be6 9. Bxe6 fxe6 10. Qb3 Qc8 11. Be3 0-0 12. d4 exd4 13. cxd4 Ba7 14. Nc3 Ne7 15. Rad1 c6 16. a5 Kh8 17. Nd2 d5 18. e5 Nd7 19. Ne2 c5 20. Nf3 Nc6 21. Nf4 Re8 22. Ng6+ Kg8 23. dxc5 Nxa5 24. Qc3 Nc6 25. b4 Ne7 26. Nfh4 Nxg6 27. Nxg6 Nf8 28. Qd3 Qd7 29. f4 Nxg6 30. Qxg6 Rf8 31. g4 Rae8 32. Bd4 Bb8 33. Qd3 Qe7 34. Rde1 Qh4 35. Bf2 Qd8 36. Bd4 Qh4 37. Qf3 Rf7 38. Bf2 Qg5 39. Bg3 Qd8 40. f5 Qc7 41. Kg2 Qc6 42. Qd3 d4+ 43. Re4 exf5 44. gxf5 Bxe5 45. Bxe5 Rxe5 46. Rff4 Rfxf5 47. Rxf5 Rxf5 48. Qxd4 Rf4 49. Qc4+ Kh7 50. Qd3 Qxe4+ 0-1

[Event "OMA-chT"]
[Site "Muscat"]
[Date "2020.01.25"]
[Round "1.1"]
[White "Al Harasi, Saif"]
[Black "Al Mashikhi, Mohammed Alyan"]
[Result "0-1"]
[WhiteElo "1443"]
[BlackElo "1979"]
[PlyCount "52"]
[EventDate "2020.01.25"]
[EventType "team-swiss"]
[EventRounds "9"]
[EventCountry "OMN"]
[SourceTitle "CBM 194 Extra"]
[Source "ChessBase"]
[SourceDate "2020.03.31"]
[SourceVersion "1"]
[SourceVersionDate "2020.03.31"]
[SourceQuality "1"]

1. e4 e5 2. Nf3 Nc6 3. Bc4 Bc5 4. 0-0 d6 5. d3 Nf6 6. Nc3 Bg4 7. h3 Bh5 8. Bb5 0-0 9. Bxc6 bxc6 10. Be3 Bb6 11. Na4 Nd7 12. Nxb6 axb6 13. Kh2 d5 14. c3 h6 15. Qd2 f5 16. exf5 Bxf3 17. gxf3 Rxf5 18. Bxh6 Qh4 19. Rg1 Rh5 20. Rxg7+ Kh8 21. Rg3 Rxh6 22. Rag1 Nf6 23. Qe2 Qf4 24. Kg2 Nh5 25. Qe1 Nxg3 26. fxg3 Qf5 0-1

[Event "Kecskemet Caissa IM 07"]
[Site "Kecskemet"]
[Date "2015.07.27"]
[Round "6"]
[White "Milanovic, Slavisa"]
[Black "Al Mashikhi, Mohammed Alyan"]
[Result "1-0"]
[WhiteElo "2407"]
[BlackElo "2017"]
[PlyCount "67"]
[EventDate "2015.07.21"]
[EventType "tourn"]
[EventRounds "9"]
[EventCountry "HUN"]
[SourceTitle "EXT 2016"]
[Source "ChessBase"]
[SourceDate "2015.10.08"]
[SourceVersion "1"]
[SourceVersionDate "2015.10.08"]
[SourceQuality "1"]

1. c4 d6 2. Nc3 e5 3. Nf3 f5 4. d4 e4 5. Ng5 Be7 6. Nh3 Nf6 7. e3 0-0 8. Nf4 c6 9. h4 Na6 10. a3 Nc7 11. d5 Nd7 12. g3 Ne5 13. Be2 a5 14. Bd2 Kh8 15. h5 Qe8 16. b4 axb4 17. axb4 Rxa1 18. Qxa1 Na6 19. Qa3 c5 20. Na4 cxb4 21. Bxb4 Nxb4 22. Qxb4 Qd8 23. Kf1 Kg8 24. Kg2 g5 25. hxg6 hxg6 26. Nb6 Bd7 27. Nxd7 Qxd7 28. Ne6 Rb8 29. Qb6 Qc8 30. g4 Nxc4 31. Bxc4 Qxc4 32. Rh8+ Kf7 33. Rh7+ Ke8 34. Qb2 1-0

[Event "Kecskemet Caissa IM 07"]
[Site "Kecskemet"]
[Date "2015.07.25"]
[Round "5"]
[White "Al Mashikhi, Mohammed Alyan"]
[Black "Uuriintuya, Uurtsaikh"]
[Result "1/2-1/2"]
[WhiteElo "2017"]
[BlackElo "1945"]
[PlyCount "74"]
[EventDate "2015.07.21"]
[EventType "tourn"]
[EventRounds "9"]
[EventCountry "HUN"]
[SourceTitle "EXT 2016"]
[Source "ChessBase"]
[SourceDate "2015.10.08"]
[SourceVersion "1"]
[SourceVersionDate "2015.10.08"]
[SourceQuality "1"]

1. e4 c5 2. b3 e6 3. Bb2 a6 4. f4 d5 5. exd5 Qxd5 6. Nc3 Qd6 7. g3 Nf6 8. Bg2 Nc6 9. Nf3 Be7 10. Qe2 0-0 11. 0-0 Rd8 12. Ne4 Nxe4 13. Qxe4 Nd4 14. Nxd4 cxd4 15. c4 Rb8 16. Rac1 b6 17. d3 Qb4 18. Qe1 Bb7 19. Qxb4 Bxb4 20. Rc2 a5 21. Bxb7 Rxb7 22. Kg2 h6 23. a4 Bc5 24. Re2 Re7 25. Re4 g6 26. g4 f5 27. gxf5 gxf5 28. Re2 Rg7+ 29. Kf3 Kf7 30. Rg2 Rxg2 31. Kxg2 Rg8+ 32. Kf2 Rg4 33. Bc1 h5 34. h3 Rg8 35. Rg1 Rh8 36. Bd2 Kf6 37. Kf3 Kf7 1/2-1/2

[Event "Kecskemet Caissa IM 07"]
[Site "Kecskemet"]
[Date "2015.07.22"]
[Round "2"]
[White "Al Mashikhi, Mohammed Alyan"]
[Black "Nemeth, Miklos"]
[Result "0-1"]
[WhiteElo "2017"]
[BlackElo "2461"]
[PlyCount "110"]
[EventDate "2015.07.21"]
[EventType "tourn"]
[EventRounds "9"]
[EventCountry "HUN"]
[SourceTitle "EXT 2016"]
[Source "ChessBase"]
[SourceDate "2015.10.08"]
[SourceVersion "1"]
[SourceVersionDate "2015.10.08"]
[SourceQuality "1"]

1. e4 e5 2. Nf3 Nc6 3. d4 exd4 4. Nxd4 Bc5 5. Be3 Qf6 6. Nb5 Bxe3 7. fxe3 Qh4+ 8. g3 Qd8 9. Qg4 g5 10. N1c3 d6 11. Qe2 a6 12. Nd4 Ne5 13. h4 Ne7 14. 0-0-0 h5 15. Bg2 Be6 16. Nd5 Bxd5 17. exd5 Qd7 18. Rhf1 0-0-0 19. Nc6 N7xc6 20. dxc6 Nxc6 21. Bxc6 Qxc6 22. Rxf7 Qe4 23. Qd3 Rde8 24. Qxe4 Rxe4 25. Kd2 Rhe8 26. Re1 R8e5 27. Kd3 b5 28. Rh7 gxh4 29. gxh4 Rc4 30. Kd2 Rec5 31. Rc1 Rd5+ 32. Ke2 b4 33. Rf7 Kd8 34. Rff1 Ke7 35. Rfd1 Ra5 36. a4 bxa3 37. bxa3 Rc3 38. Rd3 Rcxa3 39. Rxa3 Rxa3 40. Rf1 Ra5 41. Rb1 Rb5 42. Ra1 a5 43. Kd3 Ke6 44. Rf1 a4 45. Kc4 Rc5+ 46. Kd3 a3 47. Ra1 Ra5 48. Ra2 Ke5 49. c3 d5 50. Kd2 Ke4 51. Ke2 Ra4 52. Kd2 Kf3 53. Kd3 Kg3 54. Ke2 Kh3 55. Kf3 Ra6 0-1

[Event "Kecskemet Caissa IM 07"]
[Site "Kecskemet"]
[Date "2015.07.21"]
[Round "1"]
[White "Amer, Said Salim Al Maash"]
[Black "Al Mashikhi, Mohammed Alyan"]
[Result "1-0"]
[WhiteElo "2141"]
[BlackElo "2017"]
[PlyCount "49"]
[EventDate "2015.07.21"]
[EventType "tourn"]
[EventRounds "9"]
[EventCountry "HUN"]
[SourceTitle "EXT 2016"]
[Source "ChessBase"]
[SourceDate "2015.10.08"]
[SourceVersion "1"]
[SourceVersionDate "2015.10.08"]
[SourceQuality "1"]

1. e4 d6 2. d4 Nf6 3. Nc3 c6 4. f4 Qa5 5. Bd3 e5 6. dxe5 dxe5 7. Nf3 Nbd7 8. 0-0 Be7 9. Qe1 0-0 10. Kh1 Qc7 11. Nh4 Nc5 12. fxe5 Qxe5 13. Nf5 Nxd3 14. Nxe7+ Qxe7 15. cxd3 h6 16. e5 Nd7 17. d4 Nb6 18. Ne4 Nd5 19. Qg3 Qe6 20. h3 b6 21. Nf6+ Kh8 22. Qh4 gxf6 23. Qxh6+ Kg8 24. Rxf6 Nxf6 25. exf6 1-0